El ideal político del libertador Simón Bolivar (Record no. 108652)

MARC details
000 -LEADER
campo de control de longitud fija 00601nam a2200169 4500
001 - NÚMERO DE CONTROL
campo de control 108652
003 - IDENTIFICADOR DE NÚMERO DE CONTROL
campo de control ES-MaACL
005 - FECHA Y HORA DE LA ÚLTIMA TRANSACCIÓN
campo de control 20230906184659.0
007 - CAMPO FIJO DE DESCRIPCIÓN FÍSICA--INFORMACIÓN GENERAL
campo de control de longitud fija t|
008 - DATOS DE LONGITUD FIJA--INFORMACIÓN GENERAL
campo de control de longitud fija 061121s1916 ck r ||||1| spa d
100 1# - ENTRADA PRINCIPAL--NOMBRE DE PERSONA
Nombre de persona Monsalve, José D.
9 (RLIN) 82286
245 13 - MENCIÓN DEL TÍTULO
Título El ideal político del libertador Simón Bolivar
Resto del título : ( obra laureada con el gran premio en la Academia de Historia Nacional) /
Mención de responsabilidad, etc. José D. Monsalve.
260 ## - PUBLICACIÓN, DISTRIBUCIÓN, ETC.
Lugar de publicación, distribución, etc. Bogotá :
Nombre del editor, distribuidor, etc. [s.n],
Fecha de publicación, distribución, etc. 1916 (
Fabricante Imp. Nacional)
300 ## - DESCRIPCIÓN FÍSICA
Extensión 486 p. :
Otras características físicas retr. aut. ;
Dimensiones 25 cm.
500 ## - NOTA GENERAL
Nota general Precede al título : República de Colombia.
852 ## - LOCALIZACIÓN
Ubicación ES-MaACL
Número de control de estantería A-11
Holdings
Estatus retirado Estado de pérdida Estado de daño No para préstamo Biblioteca de origen Biblioteca actual Ubicación en estantería Fecha de adquisición Fuente de adquisición Total de préstamos Signatura topográfica completa Código de barras Visto por última vez Precio de reemplazo Tipo de ítem Koha
        Biblioteca del Ateneo de Madrid Biblioteca del Ateneo de Madrid Sala Pecera Planta 1 17/01/2008     A-11 1113375 23/02/2023 23/02/2023 Libro impreso